000 00366nam a2200133Ia 4500
005 20260328101452.0
008 260328s9999||||xx |||||||||||||| ||und||
100 _aManieri Elia, Mario
245 0 _aWilliam Morris y la IdeologĂ­a de la Arquitectura Moderna /
_cMario Manieri Elia
260 _bGustavo Gili
300 _a197 p.
650 _aARQUITECTOS
942 _cBK
999 _c8702
_d8702